Konzervipari növényhulladék vizsgálata és felhasználási lehetőségei [absztrakt] /

Elmentve itt :
Bibliográfiai részletek
Szerzők: Dezső Botond
Fehér Anikó
Pintér Gáborné
Illés Erzsébet
Testületi szerző: Műszaki, technológiai és gazdasági kihívások a 21. században
Dokumentumtípus: Könyv része
Megjelent: Szegedi Tudományegyetem Mérnöki Kar Szeged 2025
Sorozat:Műszaki, technológiai és gazdasági kihívások a 21. században : nemzetközi magyar nyelvű tudományos konferencia
Kulcsszavak:Hulladékanyagok - hasznosítás - konzervipari - előadáskivonat
Tárgyszavak:
Online Access:http://acta.bibl.u-szeged.hu/88007
LEADER 01190naa a2200253 i 4500
001 acta88007
005 20250612082929.0
008 250612s2025 hu o 100 hun d
020 |a 978-963-688-052-1 
040 |a SZTE Egyetemi Kiadványok Repozitórium  |b hun 
041 |a hun 
100 1 |a Dezső Botond 
245 1 0 |a Konzervipari növényhulladék vizsgálata és felhasználási lehetőségei   |h [elektronikus dokumentum] :  |b [absztrakt] /  |c  Dezső Botond 
260 |a Szegedi Tudományegyetem Mérnöki Kar  |b Szeged  |c 2025 
300 |a 9-10 
490 0 |a Műszaki, technológiai és gazdasági kihívások a 21. században : nemzetközi magyar nyelvű tudományos konferencia 
650 4 |a Műszaki és technológiai tudományok 
650 4 |a Egyéb műszaki tudományok és technológiák 
695 |a Hulladékanyagok - hasznosítás - konzervipari - előadáskivonat 
700 0 1 |a Fehér Anikó  |e aut 
700 0 1 |a Pintér Gáborné  |e aut 
700 0 1 |a Illés Erzsébet  |e aut 
711 |a Műszaki, technológiai és gazdasági kihívások a 21. században  |c Szeged  |d 2025. május 30. 
856 4 0 |u http://acta.bibl.u-szeged.hu/88007/1/mtg_kihivasok_konf_2025_009-010.pdf  |z Dokumentum-elérés